Loading...
| Literature - British | 0 | 8 | 0 | 2 | 80 | 81 | 108.50 | 5 | 8 | 0.00 | 0.00 |
| Fine Arts - Classical Music | 0 | 7 | 1 | 0 | 65 | 102 | 112.43 | 2 | 7 | 0.00 | 0.00 |
| Fine Arts - Painting & Sculpture | 0 | 5 | 0 | 0 | 50 | 33 | 68.40 | 4 | 5 | 0.00 | 0.00 |
| Literature - European | 0 | 5 | 0 | 1 | 50 | 64 | 104.40 | 2 | 5 | 0.00 | 0.00 |
| Fine Arts - Other | 0 | 3 | 0 | 0 | 30 | 57 | 69.33 | 0 | 3 | 0.00 | 0.00 |
| Literature - World | 0 | 2 | 0 | 1 | 20 | 89 | 111.50 | 0 | 2 | 0.00 | 0.00 |
| Literature - American | 0 | 2 | 1 | 1 | 15 | 118 | 128.50 | 0 | 2 | 0.00 | 0.00 |
| History - Other | 0 | 1 | 0 | 1 | 10 | 116 | 116.00 | 0 | 1 | 0.00 | 0.00 |
| History - American | 0 | 1 | 0 | 0 | 10 | 91 | 91.00 | 1 | 1 | 0.00 | 0.00 |
| Other | 0 | 1 | 0 | 1 | 10 | 108 | 108.00 | 0 | 1 | 0.00 | 0.00 |
| Science - Biology | 0 | 1 | 0 | 0 | 10 | 111 | 111.00 | 0 | 1 | 0.00 | 0.00 |
| History - European | 0 | 0 | 1 | 0 | -5 | 0.00 | 0 | 0 | 0.00 | 0.00 |